<?xml version="1.0" encoding="UTF-8"?>
<collection xmlns="http://www.loc.gov/MARC21/slim">
<record>
  <controlfield tag="001">107801</controlfield>
  <controlfield tag="005">20211026193410.0</controlfield>
  <datafield tag="024" ind1="7" ind2=" ">
    <subfield code="2">doi</subfield>
    <subfield code="a">10.26754/CINAIC.2021.0101</subfield>
  </datafield>
  <datafield tag="037" ind1=" " ind2=" ">
    <subfield code="a">COMPON-2021-CINAIC-0101</subfield>
  </datafield>
  <datafield tag="041" ind1=" " ind2=" ">
    <subfield code="a"></subfield>
  </datafield>
  <datafield tag="100" ind1=" " ind2=" ">
    <subfield code="a">Vázquez Torres, Fernando</subfield>
    <subfield code="u">UPIICSA-SEPI, México</subfield>
  </datafield>
  <datafield tag="245" ind1=" " ind2=" ">
    <subfield code="a">Análisis de trayectorias de estudiantes y egresadas de nivel posgrado en México: retos y oportunidades en el marco de la emergencia sanitaria por COVID-19 </subfield>
  </datafield>
  <datafield tag="260" ind1=" " ind2=" ">
    <subfield code="a">Zaragoza</subfield>
    <subfield code="b">Universidad de Zaragoza, Servicio de Publicaciones</subfield>
    <subfield code="c">2021</subfield>
  </datafield>
  <datafield tag="300" ind1=" " ind2=" ">
    <subfield code="e">6</subfield>
  </datafield>
  <datafield tag="520" ind1="3" ind2=" ">
    <subfield code="a">En las últimas décadas, los programas de posgrado como parte del sistema de educación superior de México, han tenido un crecimiento expansivo, al igual que en otros países de Latinoamérica. Sin embargo, el crecimiento en la oferta y demanda de estos programas no necesariamente garantiza la pertinencia y calidad de éstos. En este sentido, los recursos disponibles para garantizar la movilidad estudiantil, la relación entre la oferta y la demanda de los diferentes programas, la vinculación con los sectores productivos y de servicios, las oportunidades en el ámbito laboral, etc. serán factores que definirán las trayectorias de estudiantes y egresados. A este escenario, se suman las implicaciones de la emergencia sanitaria internacional por COVID-19, que afectaron a las instituciones educativas de todo el mundo. En este proyecto se desarrolla una metodología de investigación de campo a través de encuestas dirigidas a estudiantes y egresadas de nivel posgrado en México, integrando métodos cuantitativos y cualitativos para determinar ¿cómo incide la pandemia por COVID-19 y la postpandemia en la formación, movilidad académica internacional e inserción laboral de dichos egresados? y ¿cuáles son los retos y las oportunidades de los nuevos investigadores ante el escenario actual?</subfield>
  </datafield>
  <datafield tag="506" ind1=" " ind2=" ">
    <subfield code="a">Access copy available to the general public</subfield>
    <subfield code="f">Unrestricted</subfield>
  </datafield>
  <datafield tag="540" ind1=" " ind2=" ">
    <subfield code="9">info:eu-repo/semantics/openAccess</subfield>
    <subfield code="a">by-nc-nd</subfield>
    <subfield code="u">http://creativecommons.org/licenses/by-nc-nd/3.0/es/</subfield>
  </datafield>
  <datafield tag="653" ind1="1" ind2=" ">
    <subfield code="a">pandemia</subfield>
  </datafield>
  <datafield tag="653" ind1="1" ind2=" ">
    <subfield code="a">COVID-19</subfield>
  </datafield>
  <datafield tag="653" ind1="1" ind2=" ">
    <subfield code="a">trayectorias estudiantes</subfield>
  </datafield>
  <datafield tag="653" ind1="1" ind2=" ">
    <subfield code="a">posgrado</subfield>
  </datafield>
  <datafield tag="653" ind1="1" ind2=" ">
    <subfield code="a">retos y oportunidades  </subfield>
  </datafield>
  <datafield tag="653" ind1="1" ind2=" ">
    <subfield code="a">pandemic</subfield>
  </datafield>
  <datafield tag="653" ind1="1" ind2=" ">
    <subfield code="a">COVID-19</subfield>
  </datafield>
  <datafield tag="653" ind1="1" ind2=" ">
    <subfield code="a">student and graduate trajectories</subfield>
  </datafield>
  <datafield tag="653" ind1="1" ind2=" ">
    <subfield code="a">challenges and opportunities  </subfield>
  </datafield>
  <datafield tag="655" ind1=" " ind2="4">
    <subfield code="a">Comunicación</subfield>
  </datafield>
  <datafield tag="700" ind1=" " ind2=" ">
    <subfield code="a">Vázquez Monter, Nathalie</subfield>
    <subfield code="u">Hipatia México, México</subfield>
  </datafield>
  <datafield tag="700" ind1=" " ind2=" ">
    <subfield code="a">Orozco-Santiago, José</subfield>
    <subfield code="u">UPIICSA-SEPI, México</subfield>
  </datafield>
  <datafield tag="773" ind1=" " ind2=" ">
    <subfield code="d">Zaragoza</subfield>
    <subfield code="g">Actas del VI Congreso Internacional sobre aprendizaje, innovación y cooperación, CINAIC 2021</subfield>
  </datafield>
  <datafield tag="856" ind1="4" ind2=" ">
    <subfield code="s">838511</subfield>
    <subfield code="u">http://zaguan.unizar.es/record/107801/files/101.pdf</subfield>
  </datafield>
  <datafield tag="909" ind1="C" ind2="O">
    <subfield code="o">oai:zaguan.unizar.es:107801</subfield>
    <subfield code="p">comunicaciones-ponencias</subfield>
  </datafield>
  <datafield tag="970" ind1=" " ind2=" ">
    <subfield code="a">COMPON-2021-CINAIC-0101</subfield>
  </datafield>
  <datafield tag="980" ind1=" " ind2=" ">
    <subfield code="a">COMPON</subfield>
  </datafield>
</record>
</collection>